[Event "Catalunya-ch U18/20"]
[Site "Salou"]
[Date "2021.03.28"]
[Round "2"]
[White "Ano Pla, Gerard"]
[Black "Valero Roca, Roger"]
[Result "1-0"]
[WhiteElo "1975"]
[BlackElo "1539"]
[PlyCount "48"]
[EventDate "2021.03.27"]
[EventType "swiss"]
[EventRounds "9"]
[EventCountry "ESP"]
[SourceTitle "CBM 202 Extra"]
[Source "ChessBase"]
[SourceDate "2021.07.31"]
[SourceVersion "1"]
[SourceVersionDate "2021.07.31"]
[SourceQuality "1"]

1. d4 Nf6 2. c4 e6 3. Nf3 d5 4. g3 Be7 5. Bg2 b6 6. 0-0 a5 7. Nbd2 Ba6 8. Qc2 Nbd7 9. Re1 c5 10. b3 0-0 11. Bb2 Qc7 12. Rac1 Rfc8 13. e4 dxe4 14. Nxe4 cxd4 15. Nxd4 Rab8 16. Nc6 Bd8 17. Nxf6+ Bxf6 18. Nxb8 Qxb8 19. Red1 Bxb2 20. Qxb2 Nf6 21. Qd4 Re8 22. Qd6 Qa7 23. Bc6 Rf8 24. c5 Rc8 1-0

[Event "Catalunya-ch U10/20"]
[Site "Salou"]
[Date "2020.09.07"]
[Round "4"]
[White "Domene Mulyukov, Alexander"]
[Black "Valero Roca, Roger"]
[Result "1-0"]
[WhiteElo "1931"]
[BlackElo "1278"]
[PlyCount "53"]
[EventDate "2020.09.05"]
[EventType "swiss"]
[EventRounds "8"]
[EventCountry "ESP"]
[SourceTitle "EXT 2023"]
[Source "ChessBase"]
[SourceDate "2022.10.05"]
[SourceVersion "1"]
[SourceVersionDate "2022.10.05"]
[SourceQuality "1"]

1. e4 c5 2. Nf3 Nc6 3. Bb5 e6 4. 0-0 Nge7 5. Nc3 a6 6. Bxc6 bxc6 7. d3 d5 8. Nd2 g6 9. f4 Bg7 10. e5 0-0 11. Nf3 Qb6 12. Kh1 Nf5 13. b3 a5 14. Na4 Qa7 15. g4 Nh6 16. Ba3 Qc7 17. Bxc5 Nxg4 18. h3 Nh6 19. Bxf8 Bxf8 20. Qe1 Nf5 21. Nh4 Nd4 22. Qf2 c5 23. c3 Nb5 24. Ng2 Ba6 25. Rac1 d4 26. cxd4 Nxd4 27. Qxd4 1-0